[Event "CAN-ch U16"]
[Site "Winnipeg CAN"]
[Date "1996.03.27"]
[Round "9"]
[White "Guo, Xin"]
[Black "Pechisker, Alfred"]
[Result "1-0"]
[WhiteElo "2163"]
[BlackElo "2054"]
[PlyCount "41"]
[EventDate "1996.03.23"]
[EventType "tourn"]
[EventRounds "9"]
[EventCountry "CAN"]
[Source "ChessBase"]
[SourceDate "2000.11.22"]

1. e4 c5 2. Nf3 e6 3. c3 Nc6 4. d4 cxd4 5. cxd4 d5 6. e5 Qb6 7. Bd3 Bd7 8. O-O
Nxd4 9. Nxd4 Qxd4 10. Nc3 a6 11. Qe2 Ne7 12. Kh1 g6 13. f4 Qb6 14. Be3 Qd8 15.
g4 Rg8 16. Qf2 Nc6 17. Bb6 Qc8 18. f5 gxf5 19. Bxf5 Ne7 20. Bg6 Nf5 21. gxf5
1-0

[Event "CAN-ch U16"]
[Site "Winnipeg CAN"]
[Date "1996.03.27"]
[Round "9"]
[White "Hua, Lefong"]
[Black "Bertrand, Eric"]
[Result "1-0"]
[WhiteElo "2140"]
[BlackElo "1829"]
[PlyCount "41"]
[EventDate "1996.03.23"]
[EventType "tourn"]
[EventRounds "9"]
[EventCountry "CAN"]
[Source "ChessBase"]
[SourceDate "2000.11.22"]

1. d4 d5 2. Nf3 Nf6 3. Bg5 e6 4. e3 Be7 5. Bd3 Nbd7 6. Nbd2 O-O 7. c3 c5 8. Ne5
Nxe5 9. dxe5 Nd7 10. Bf4 c4 11. Bc2 Nc5 12. Nf3 b5 13. h4 Qb6 14. Bxh7+ Kxh7
15. Ng5+ Bxg5 16. hxg5+ Kg6 17. Qh5+ Kf5 18. Qh3+ Ke4 19. f3+ Kd3 20. O-O-O+
Ke2 21. Rd2# 1-0

[Event "CAN-ch U20 1996-97"]
[Site "Edmonton CAN"]
[Date "1996.12.27"]
[Round "1"]
[White "Henson, Joshua"]
[Black "Gulati, Justin"]
[Result "1-0"]
[WhiteElo "1873"]
[BlackElo "2004"]
[PlyCount "109"]
[EventDate "1996.12.27"]
[EventType "tourn"]
[EventRounds "11"]
[EventCountry "CAN"]

1. e4 e5 2. Nf3 Nc6 3. Bb5 a6 4. Bxc6 dxc6 5. O-O Bg4 6. h3 h5 7. d3 Bc5 8.
Nbd2 Qf6 9. Re1 Ne7 10. d4 Bxf3 11. Nxf3 Bxd4 12. Bg5 Qd6 13. Bxe7 Kxe7 14. Qc1
f6 15. c3 Bb6 16. Nh4 Kf7 17. Nf5 Qe6 18. Qc2 g6 19. Ng3 h4 20. Nf1 Rad8 21.
Red1 Rd6 22. Nd2 g5 23. Nf1 g4 24. hxg4 Rxd1 25. Qxd1 h3 26. Qf3 hxg2 27. Kxg2
Rh4 28. Kg3 Bxf2+ 29. Kxf2 Rxg4 30. Ke3 Rh4 31. Ng3 Qc4 32. Ne2 Qc5+ 33. Kd2
Qc4 34. Ke3 Qc5+ 35. Kd2 Qc4 36. Rf1 Qe6 37. b3 a5 38. Kc2 a4 39. Kb2 axb3 40.
axb3 Rh3 41. Ng3 Rh2+ 42. Rf2 Rxf2+ 43. Qxf2 Qg4 44. Kc2 Kg6 45. Qf5+ Qxf5 46.
Nxf5 Kg5 47. Kd3 Kg6 48. Ne3 Kf7 49. Nc4 Ke6 50. Na5 b6 51. Nxc6 Kd6 52. Nb4 b5
53. Nc2 c5 54. Ne3 Kc6 55. Ng4 1-0

[Event "CAN-ch U20 1996-97"]
[Site "Edmonton CAN"]
[Date "1996.12.27"]
[Round "1"]
[White "Ho, Andrew"]
[Black "Nabi, Shahin"]
[Result "1-0"]
[WhiteElo "2277"]
[BlackElo "1920"]
[PlyCount "57"]
[EventDate "1996.12.27"]
[EventType "tourn"]
[EventRounds "11"]
[EventCountry "CAN"]

1. d4 Nf6 2. c4 g6 3. Nc3 Bg7 4. e4 d6 5. Nf3 O-O 6. Be2 e5 7. O-O Nc6 8. d5
Ne7 9. Ne1 Nd7 10. Be3 f5 11. f3 f4 12. Bf2 g5 13. a4 Nf6 14. c5 Ng6 15. a5 Rf7
16. cxd6 cxd6 17. Nc2 h5 18. Nb5 g4 19. Nxa7 Rxa7 20. Bxa7 g3 21. Bb6 Qe7 22.
Rc1 Nd7 23. Nd4 gxh2+ 24. Kh1 Nxb6 25. axb6 Bd7 26. Ne6 Nf8 27. Rc7 h4 28. Bb5
h3 29. gxh3 1-0

[Event "CAN-ch U20 1996-97"]
[Site "Edmonton CAN"]
[Date "1996.12.27"]
[Round "1"]
[White "Hua, Lefong"]
[Black "Marshall, Peter"]
[Result "1-0"]
[WhiteElo "2248"]
[BlackElo "2231"]
[PlyCount "63"]
[EventDate "1996.12.27"]
[EventType "tourn"]
[EventRounds "11"]
[EventCountry "CAN"]

1. d4 Nf6 2. c4 e6 3. Nf3 d5 4. cxd5 exd5 5. Nc3 Bf5 6. Qb3 Nc6 7. Bg5 Na5 8.
Qa4+ c6 9. e3 b5 10. Qd1 Nc4 11. Ne5 Rc8 12. Bxc4 bxc4 13. Qa4 Qb6 14. O-O Qxb2
15. Qxa7 Be7 16. e4 dxe4 17. Nxe4 Bxe4 18. Bxf6 gxf6 19. Qd7+ Kf8 20. Qxc8+ Kg7
21. Qg4+ Bg6 22. Nxc4 Qb5 23. Ne3 f5 24. Qf4 Rd8 25. d5 Bf6 26. Rad1 cxd5 27.
Nxf5+ Kh8 28. Nd6 Qb2 29. Rxd5 Rb8 30. Nc4 Rb4 31. a3 Ra4 32. Ra5 1-0

[Event "CAN-ch U20 1996-97"]
[Site "Edmonton CAN"]
[Date "1996.12.27"]
[Round "1"]
[White "Lou Meng"]
[Black "Dutton, Warren"]
[Result "1-0"]
[WhiteElo "2274"]
[BlackElo "2006"]
[PlyCount "95"]
[EventDate "1996.12.27"]
[EventType "tourn"]
[EventRounds "11"]
[EventCountry "CAN"]

1. d4 Nf6 2. c4 c5 3. d5 b5 4. cxb5 a6 5. Nc3 axb5 6. e4 b4 7. Nb5 d6 8. Bc4 g6
9. e5 dxe5 10. d6 Na6 11. Qb3 e6 12. Bg5 Bg7 13. Nf3 h6 14. Bh4 e4 15. Ne5 O-O
16. O-O Qb6 17. f4 Nd5 18. d7 Bb7 19. d8=Q Raxd8 20. Bxd8 Rxd8 21. a4 bxa3 22.
Rxa3 Nab4 23. Qg3 Nc2 24. Rb3 Nce3 25. Rxe3 Nxe3 26. Qxe3 Ba6 27. Na3 Rd4 28.
Qc3 Bb7 29. Nb5 Rxc4 30. Qxc4 Ba6 31. Rc1 Bxb5 32. Qxc5 Qxc5+ 33. Rxc5 Bd3 34.
Rc8+ Kh7 35. Kf2 g5 36. Nxd3 exd3 37. b3 Bd4+ 38. Ke1 gxf4 39. Kd2 Bg1 40. h3
f5 41. Re8 Kg6 42. Rxe6+ Kh5 43. Kxd3 f3 44. gxf3 Kg5 45. b4 Kf4 46. Ke2 h5 47.
b5 Kg3 48. Rg6+ 1-0

[Event "CAN-ch U20 1996-97"]
[Site "Edmonton CAN"]
[Date "1996.12.27"]
[Round "1"]
[White "McLean, Nathan"]
[Black "Wu, Douglas"]
[Result "0-1"]
[WhiteElo "2012"]
[BlackElo "2001"]
[PlyCount "78"]
[EventDate "1996.12.27"]
[EventType "tourn"]
[EventRounds "11"]
[EventCountry "CAN"]

1. e4 c5 2. f4 d6 3. Nf3 Nf6 4. d3 g6 5. g3 Bg7 6. Bg2 O-O 7. a4 Nc6 8. O-O Bd7
9. Nc3 Rb8 10. Re1 a6 11. e5 dxe5 12. Nxe5 Nxe5 13. Rxe5 Ng4 14. Re2 Bd4+ 15.
Kh1 Nf2+ 16. Rxf2 Bxf2 17. Ne4 Bd4 18. c3 Bg7 19. Nxc5 Bc8 20. Be3 b6 21. Ne4
Bb7 22. Qc2 Kh8 23. Rd1 f5 24. Ng5 Bxg2+ 25. Qxg2 Qd7 26. Re1 h6 27. Qh3 Qd5+
28. Kg1 Kg8 29. Bd4 Bxd4+ 30. cxd4 Qxd4+ 31. Kh1 Qd5+ 32. Kg1 Qc5+ 33. Kf1 hxg5
34. fxg5 Rf7 35. Re6 Qc1+ 36. Kf2 Qxg5 37. Qg2 f4 38. Qe4 fxg3+ 39. Kg2 Rf2+
0-1

[Event "CAN-ch U20 1996-97"]
[Site "Edmonton CAN"]
[Date "1996.12.27"]
[Round "2"]
[White "Goldenberg, Danny"]
[Black "Ho, Andrew"]
[Result "1/2-1/2"]
[WhiteElo "2355"]
[BlackElo "2277"]
[PlyCount "70"]
[EventDate "1996.12.27"]
[EventType "tourn"]
[EventRounds "11"]
[EventCountry "CAN"]

1. e4 c5 2. Nf3 e6 3. Nc3 d6 4. d4 cxd4 5. Nxd4 Nf6 6. Bg5 Be7 7. Qd2 a6 8.
O-O-O b5 9. Bd3 Bb7 10. a3 Nbd7 11. Rhe1 Rc8 12. f4 Qb6 13. Nb3 h6 14. Bh4 Nxe4
15. Bxe4 Bxh4 16. g3 Be7 17. Bxb7 Qxb7 18. Nd4 Nf6 19. Qe2 O-O 20. Nf5 Rfd8 21.
Nxe7+ Qxe7 22. g4 d5 23. g5 hxg5 24. fxg5 Ne4 25. Nxe4 dxe4 26. h4 Rxd1+ 27.
Rxd1 Rc4 28. Qe3 g6 29. Rd4 Qc5 30. Rd8+ Kg7 31. Qxc5 Rxc5 32. Rd4 f5 33. gxf6+
Kxf6 34. Rxe4 Re5 35. Rg4 Kf5 1/2-1/2

[Event "CAN-ch U20 1996-97"]
[Site "Edmonton CAN"]
[Date "1996.12.27"]
[Round "2"]
[White "Gulati, Justin"]
[Black "Lou Meng"]
[Result "1-0"]
[WhiteElo "2004"]
[BlackElo "2274"]
[PlyCount "81"]
[EventDate "1996.12.27"]
[EventType "tourn"]
[EventRounds "11"]
[EventCountry "CAN"]

1. e4 e5 2. Bc4 Nc6 3. Nc3 Nf6 4. d3 h6 5. f4 d6 6. f5 Na5 7. Nf3 Nxc4 8. dxc4
b6 9. Qd3 Bb7 10. h3 Be7 11. Be3 Nd7 12. O-O-O Nc5 13. Bxc5 bxc5 14. Kb1 Qd7
15. Nxe5 Qd8 16. Nf3 Bf6 17. Nd5 Bxd5 18. Qxd5 O-O 19. e5 dxe5 20. Nxe5 Qb8 21.
b3 c6 22. Nxc6 Qg3 23. Rd3 Qf2 24. Ne5 Rad8 25. Qf3 Qh4 26. Nd7 Bd4 27. Nxf8
Rxf8 28. c3 Be5 29. Re3 Qf6 30. Rhe1 Bd6 31. Re8 g5 32. fxg6 Qxg6+ 33. Qe4 Qf6
34. Rxf8+ Kxf8 35. Qe8+ Kg7 36. Qe3 Qg6+ 37. Qe4 Qf6 38. Qg4+ Kf8 39. Re4 Be5
40. Qc8+ Kg7 41. Rg4+ 1-0

[Event "CAN-ch U20 1996-97"]
[Site "Edmonton CAN"]
[Date "1996.12.27"]
[Round "2"]
[White "Marshall, Peter"]
[Black "Henson, Joshua"]
[Result "1-0"]
[WhiteElo "2231"]
[BlackElo "1873"]
[PlyCount "79"]
[EventDate "1996.12.27"]
[EventType "tourn"]
[EventRounds "11"]
[EventCountry "CAN"]

1. d4 Nf6 2. c4 e6 3. Nc3 Bb4 4. e3 O-O 5. Bd3 d5 6. Bd2 c5 7. Nf3 dxc4 8. Bxc4
cxd4 9. exd4 b6 10. Qe2 Bb7 11. O-O Nbd7 12. a3 Bxc3 13. bxc3 Ne4 14. Rac1 Nxd2
15. Nxd2 Nf6 16. Bd3 Rc8 17. Rfe1 Qd7 18. Nf3 Qe7 19. a4 Qa3 20. c4 Qxa4 21.
Ne5 Qe8 22. Qa2 Ra8 23. Re3 Qd8 24. Qd2 Rc8 25. Rce1 Qc7 26. Rg3 g6 27. Qh6 Ne8
28. h4 f5 29. h5 Qg7 30. Qxg7+ Kxg7 31. hxg6 hxg6 32. Nxg6 f4 33. Nxf4+ Kf7 34.
Bg6+ Ke7 35. Nxe6 Rh8 36. Nc5+ Kd6 37. Re6+ Kc7 38. Re7+ Kb8 39. Rxb7+ Ka8 40.
Ra3 1-0

[Event "CAN-ch U20 1996-97"]
[Site "Edmonton CAN"]
[Date "1996.12.27"]
[Round "2"]
[White "McLean, Nathan"]
[Black "Hua, Lefong"]
[Result "0-1"]
[WhiteElo "2012"]
[BlackElo "2248"]
[PlyCount "70"]
[EventDate "1996.12.27"]
[EventType "tourn"]
[EventRounds "11"]
[EventCountry "CAN"]

1. e4 c5 2. Nf3 d6 3. d4 cxd4 4. Nxd4 Nf6 5. Nc3 g6 6. Be3 Bg7 7. f3 Nc6 8. Bc4
Qb6 9. Bb3 Nxe4 10. fxe4 Bxd4 11. Qxd4 Qxd4 12. Bxd4 Nxd4 13. O-O-O Nxb3+ 14.
axb3 Bg4 15. Rd2 Rc8 16. Nd5 Be6 17. Rhd1 Rc5 18. h3 f6 19. Rd4 b5 20. c4 Kf7
21. Kd2 Rhc8 22. Kc3 a5 23. g4 a4 24. Rc1 axb3 25. Kxb3 Bxd5 26. exd5 Ke8 27.
Rc3 bxc4+ 28. Rcxc4 Rxc4 29. Rxc4 Rxc4 30. Kxc4 Kd7 31. Kd4 Kc7 32. h4 Kb6 33.
h5 Kb5 34. hxg6 hxg6 35. g5 f5 0-1

[Event "CAN-ch U20 1996-97"]
[Site "Edmonton CAN"]
[Date "1996.12.27"]
[Round "2"]
[White "Wu, Douglas"]
[Black "Nabi, Shahin"]
[Result "0-1"]
[WhiteElo "2001"]
[BlackElo "1920"]
[PlyCount "106"]
[EventDate "1996.12.27"]
[EventType "tourn"]
[EventRounds "11"]
[EventCountry "CAN"]

1. d4 Nf6 2. e3 g6 3. Bd3 Bg7 4. Nd2 O-O 5. f4 d6 6. Ngf3 Re8 7. O-O Nc6 8. c4
Ng4 9. Re1 e5 10. d5 Nb4 11. Bb1 c6 12. h3 Nf6 13. fxe5 dxe5 14. e4 b6 15. Nf1
Bb7 16. Bd2 Na6 17. Ng3 Re7 18. Bc3 Ne8 19. a3 Nd6 20. Ba2 b5 21. b3 bxc4 22.
bxc4 Nc5 23. Qe2 a5 24. Rad1 Qc7 25. Qf2 Na4 26. Ba1 c5 27. Qc2 Nb6 28. Ne2 Ba6
29. Nd2 Bh6 30. Nf3 Be3+ 31. Kh1 f6 32. Rd3 Bd4 33. Nexd4 cxd4 34. c5 Nd7 35.
Rdd1 Qxc5 36. Qxc5 Nxc5 37. Nd2 Bd3 38. Bb2 Bxe4 39. Nxe4 Ncxe4 40. Rxe4 Nxe4
41. d6+ Kg7 42. Re1 Nxd6 43. Bxd4 Rc7 44. Bb6 Rc2 45. Bd5 Ra6 46. Bg1 Rd2 47.
Bf3 e4 48. Bxe4 Nxe4 49. Rxe4 Rd1 50. Kh2 Kf7 51. Bc5 Rd7 52. Re3 Rc6 53. Rc3
Rdc7 0-1

[Event "CAN-ch U20 1996-97"]
[Site "Edmonton CAN"]
[Date "1996.12.28"]
[Round "3"]
[White "Henson, Joshua"]
[Black "McLean, Nathan"]
[Result "1-0"]
[WhiteElo "1873"]
[BlackElo "2012"]
[PlyCount "93"]
[EventDate "1996.12.27"]
[EventType "tourn"]
[EventRounds "11"]
[EventCountry "CAN"]

1. e4 e5 2. Nf3 Nc6 3. Bb5 a6 4. Bxc6 dxc6 5. O-O Qd6 6. Na3 b5 7. c3 c5 8. d3
Bg4 9. h3 Bh5 10. Qe2 Rd8 11. Rd1 c4 12. d4 Bxf3 13. Qxf3 Qf6 14. Qxf6 Nxf6 15.
Nc2 c5 16. Bg5 h6 17. Bxf6 gxf6 18. d5 Bd6 19. Ne3 Kd7 20. a4 Ra8 21. Ra2 Kc7
22. Rda1 Kb7 23. Nf5 Bc7 24. axb5 axb5 25. Rxa8 Rxa8 26. Rxa8 Kxa8 27. Nxh6 b4
28. Nf5 bxc3 29. bxc3 Ba5 30. Ne3 Bxc3 31. Nxc4 Kb8 32. h4 f5 33. f3 fxe4 34.
fxe4 Be1 35. h5 Bh4 36. Nxe5 f6 37. Nd7+ Kc7 38. Nxc5 Kd6 39. Ne6 f5 40. Nd4
Bf6 41. Nxf5+ Ke5 42. Ng3 Kf4 43. h6 Kxg3 44. d6 Kf4 45. d7 Ke5 46. h7 Ke6 47.
d8=Q 1-0

[Event "CAN-ch U20 1996-97"]
[Site "Edmonton CAN"]
[Date "1996.12.28"]
[Round "3"]
[White "Ho, Andrew"]
[Black "Dutton, Warren"]
[Result "1-0"]
[WhiteElo "2277"]
[BlackElo "2006"]
[PlyCount "101"]
[EventDate "1996.12.27"]
[EventType "tourn"]
[EventRounds "11"]
[EventCountry "CAN"]

1. d4 Nf6 2. c4 c5 3. d5 b5 4. cxb5 a6 5. bxa6 Bxa6 6. Nc3 g6 7. e4 Qa5 8. Bd2
Bxf1 9. Kxf1 d6 10. g3 Bg7 11. Kg2 Nbd7 12. Nf3 O-O 13. h3 c4 14. Qe2 Qa6 15.
Be3 Rfb8 16. Bd4 Nb6 17. Rhe1 Na4 18. Nxa4 Qxa4 19. Rec1 Rc8 20. Nd2 Rab8 21.
Rxc4 Rxc4 22. Nxc4 Qb5 23. b3 Nd7 24. Bxg7 Kxg7 25. Rd1 Rc8 26. Qd2 Ra8 27.
Qd4+ f6 28. Rd2 Nc5 29. f4 Qb4 30. e5 Nd7 31. exd6 exd6 32. Re2 Qb5 33. Qe4 Ra6
34. Kf1 Nf8 35. g4 Qb4 36. Qe7+ Kg8 37. Qxf6 Ra7 38. Kg2 Rf7 39. Qxd6 Qc3 40.
Qe5 Qd3 41. Qe4 Qd1 42. Rd2 Qc1 43. d6 Nd7 44. Qd5 Nf6 45. Qe6 Nd7 46. Rf2 Nf8
47. Qd5 Kg7 48. Ne5 Rxf4 49. Rxf4 Qxf4 50. d7 Nxd7 51. Qxd7+ 1-0

[Event "CAN-ch U20 1996-97"]
[Site "Edmonton CAN"]
[Date "1996.12.28"]
[Round "3"]
[White "Hua, Lefong"]
[Black "Wu, Douglas"]
[Result "1-0"]
[WhiteElo "2248"]
[BlackElo "2001"]
[PlyCount "67"]
[EventDate "1996.12.27"]
[EventType "tourn"]
[EventRounds "11"]
[EventCountry "CAN"]

1. d4 Nf6 2. c4 g6 3. Nc3 Bg7 4. e4 d6 5. f4 O-O 6. Nf3 c5 7. d5 Nbd7 8. Be2 a6
9. a4 Rb8 10. O-O Ne8 11. Kh1 b6 12. Re1 Bb7 13. Bd3 Qc7 14. Qe2 f6 15. Qf2 Bc8
16. Qg3 Kh8 17. Qh4 Rg8 18. e5 Nf8 19. e6 f5 20. Ng5 h6 21. Re3 Nf6 22. Rh3 h5
23. Nf7+ Kh7 24. Bxf5 gxf5 25. Qg5 Rh8 26. Qxf5+ Kg8 27. Nxh8 Kxh8 28. Ne4 Bb7
29. Raa3 b5 30. Rxh5+ Kg8 31. Rg5 N8h7 32. Rag3 Nxg5 33. Qxg5 Ne8 34. Qg6 1-0

[Event "CAN-ch U20 1996-97"]
[Site "Edmonton CAN"]
[Date "1996.12.28"]
[Round "3"]
[White "Lou Meng"]
[Black "Marshall, Peter"]
[Result "0-1"]
[WhiteElo "2274"]
[BlackElo "2231"]
[PlyCount "104"]
[EventDate "1996.12.27"]
[EventType "tourn"]
[EventRounds "11"]
[EventCountry "CAN"]

1. d4 Nf6 2. c4 e6 3. Nf3 b6 4. g3 Ba6 5. b3 Bb4+ 6. Bd2 Be7 7. Bg2 d5 8. Ne5
O-O 9. O-O c6 10. Bc3 Nfd7 11. Nxd7 Nxd7 12. Nd2 f5 13. Bb2 Rc8 14. Rc1 Nf6 15.
Nf3 Ne4 16. Ne5 Bf6 17. Re1 Bxe5 18. dxe5 dxc4 19. bxc4 Qxd1 20. Rexd1 Rfd8 21.
Rd3 Nc5 22. Rd6 Kf7 23. Ba3 Rxd6 24. exd6 Rd8 25. Rd1 Bxc4 26. Bxc6 Bxe2 27.
Rd4 e5 28. Rd5 Ke6 29. Bb2 Nd3 30. Ba3 Bf3 31. Rxd3 Bxc6 32. f3 Bd5 33. f4 e4
34. Rd2 Bc4 35. Kf2 Bd3 36. h3 g6 37. g4 Rc8 38. gxf5+ gxf5 39. Ke3 Rc2 40.
Rxc2 Bxc2 41. Kd4 a5 42. Kc3 Bb1 43. Kb2 Bxa2 44. Kxa2 e3 45. Bb2 Kxd6 46. Kb3
Kd5 47. Kc2 Ke4 48. Be5 b5 49. Bc7 a4 50. Bd6 Kf3 51. Bc5 e2 52. Kd2 a3 0-1

[Event "CAN-ch U20 1996-97"]
[Site "Edmonton CAN"]
[Date "1996.12.28"]
[Round "3"]
[White "Nabi, Shahin"]
[Black "Goldenberg, Danny"]
[Result "1/2-1/2"]
[WhiteElo "1920"]
[BlackElo "2355"]
[PlyCount "135"]
[EventDate "1996.12.27"]
[EventType "tourn"]
[EventRounds "11"]
[EventCountry "CAN"]

1. e4 c5 2. Nf3 Nc6 3. d4 cxd4 4. Nxd4 e5 5. Nb5 d6 6. N1c3 a6 7. Na3 b5 8. Nd5
Nge7 9. c3 Nxd5 10. exd5 Ne7 11. Nc2 g6 12. g3 Bg7 13. Bg2 O-O 14. O-O Bb7 15.
Kh1 f5 16. f4 e4 17. Ne3 Rc8 18. Qb3 Rc5 19. Rd1 Kh8 20. a4 Qd7 21. Bf1 Rfc8
22. axb5 axb5 23. Ra5 b4 24. Qxb4 Bxd5 25. Nxd5 Nc6 26. Nb6 Nxb4 27. Nxd7 Rxa5
28. Nb6 Rc6 29. Nc4 Ra1 30. cxb4 d5 31. b3 Rc8 32. Be2 dxc4 33. bxc4 Rb1 34. b5
Kg8 35. Be3 Rb2 36. Bf1 Bf8 37. c5 Rc2 38. c6 Bc5 39. Bxc5 Rxc5 40. Rd7 Rc2 41.
Ra7 Re8 42. c7 e3 43. b6 e2 44. Bxe2 Rexe2 45. Ra1 Re8 46. Rd1 Kg7 47. Rb1 h6
48. b7 Rxc7 49. b8=Q Rxb8 50. Rxb8 g5 51. Rb6 gxf4 52. gxf4 Rc4 53. h3 Rxf4 54.
Kg2 Re4 55. Kf3 Rd4 56. Re6 Rc4 57. Rd6 Rb4 58. Re6 Ra4 59. Rd6 Re4 60. Rc6 Rb4
61. Re6 Rb1 62. Kf4 Rf1+ 63. Kg3 Rg1+ 64. Kf4 Rg5 65. h4 Rh5 66. Kg3 f4+ 67.
Kxf4 Rxh4+ 68. Kg3 1/2-1/2

[Event "CAN-ch U20 1996-97"]
[Site "Edmonton CAN"]
[Date "1996.12.28"]
[Round "4"]
[White "Dutton, Warren"]
[Black "Nabi, Shahin"]
[Result "1-0"]
[WhiteElo "2006"]
[BlackElo "1920"]
[PlyCount "101"]
[EventDate "1996.12.27"]
[EventType "tourn"]
[EventRounds "11"]
[EventCountry "CAN"]

1. e4 c5 2. Nf3 d6 3. d4 cxd4 4. Nxd4 Nf6 5. Bb5+ Bd7 6. Qf3 Qb6 7. Bxd7+ Nbxd7
8. Nb3 g6 9. O-O Bg7 10. Nc3 O-O 11. Be3 Qc6 12. Nd4 Qc8 13. Nd5 Nxd5 14. exd5
Ne5 15. Qe2 Nc4 16. c3 Nxe3 17. Qxe3 Qc5 18. Nb3 Qc7 19. Rfe1 Rfe8 20. h3 b5
21. Re2 a5 22. Rae1 a4 23. Nd4 Bxd4 24. Qxd4 Ra7 25. Re4 a3 26. b3 Qb8 27. Rh4
e5 28. dxe6 Rxe6 29. Rhe4 Rae7 30. Rxe6 Rxe6 31. Rxe6 fxe6 32. Qb4 Qc7 33. Qxa3
Qxc3 34. Qxd6 Qe1+ 35. Kh2 Qxf2 36. Qxe6+ Kg7 37. Qe5+ Kg8 38. a4 bxa4 39. bxa4
Qa7 40. Qd5+ Kg7 41. a5 Qc7+ 42. g3 Qc2+ 43. Qg2 Qa4 44. Qb7+ Kh6 45. a6 Qc2+
46. Qg2 Qa4 47. Qd2+ Kg7 48. Qc3+ Kh6 49. Qe3+ Kg7 50. Qe7+ Kh8 51. Qf8# 1-0

[Event "CAN-ch U20 1996-97"]
[Site "Edmonton CAN"]
[Date "1996.12.28"]
[Round "4"]
[White "Gulati, Justin"]
[Black "Ho, Andrew"]
[Result "0-1"]
[WhiteElo "2004"]
[BlackElo "2277"]
[PlyCount "56"]
[EventDate "1996.12.27"]
[EventType "tourn"]
[EventRounds "11"]
[EventCountry "CAN"]

1. e4 c5 2. Nc3 e6 3. g3 d5 4. e5 Nc6 5. f4 Nge7 6. Nf3 Nf5 7. Bg2 Bd7 8. O-O
h5 9. Ne2 Be7 10. c3 Qb6 11. Kh1 Na5 12. d3 Qa6 13. b3 Nc6 14. d4 Rc8 15. dxc5
Bxc5 16. Ned4 Ncxd4 17. Nxd4 Bxd4 18. cxd4 Qb6 19. Bh3 Qxd4 20. Bxf5 Qxa1 21.
Bh3 Bb5 22. Re1 g6 23. f5 gxf5 24. Bxf5 exf5 25. e6 Qxc1 26. exf7+ Kf8 27. Qxc1
Rxc1 28. Rxc1 Bc6 0-1

[Event "CAN-ch U20 1996-97"]
[Site "Edmonton CAN"]
[Date "1996.12.28"]
[Round "4"]
[White "Hua, Lefong"]
[Black "Henson, Joshua"]
[Result "1-0"]
[WhiteElo "2248"]
[BlackElo "1873"]
[PlyCount "87"]
[EventDate "1996.12.27"]
[EventType "tourn"]
[EventRounds "11"]
[EventCountry "CAN"]

1. d4 Nf6 2. c4 e6 3. Nf3 b6 4. Bf4 Bb7 5. e3 Be7 6. Nc3 d5 7. h3 O-O 8. Be2 c5
9. O-O Nc6 10. cxd5 exd5 11. Qa4 Qd7 12. dxc5 bxc5 13. Rfd1 Rfd8 14. Rd2 Nb4
15. Qb3 Rac8 16. a3 c4 17. Bxc4 Rxc4 18. Ne5 Qc8 19. axb4 Rxb4 20. Qd1 a6 21.
Ne2 Ne4 22. Rc2 Qa8 23. Nd4 Nc5 24. Nf5 Bf8 25. Nh6+ gxh6 26. Qg4+ Bg7 27. Rxc5
Rb6 28. Rc7 Bc8 29. Qh5 Rf6 30. Rxf7 Rf8 31. Rxf8+ Bxf8 32. Ng4 Bxg4 33. Qxg4+
Rg6 34. Qf3 Qb7 35. Rd1 Bg7 36. Rxd5 Qe7 37. b3 Qf6 38. Qe4 Kh8 39. Qd3 Qf7 40.
Rd8+ Bf8 41. Bd6 Rg8 42. Be5+ Bg7 43. Rxg8+ Qxg8 44. Qd4 1-0

[Event "CAN-ch U20 1996-97"]
[Site "Edmonton CAN"]
[Date "1996.12.28"]
[Round "4"]
[White "McLean, Nathan"]
[Black "Lou Meng"]
[Result "1/2-1/2"]
[WhiteElo "2012"]
[BlackElo "2274"]
[PlyCount "89"]
[EventDate "1996.12.27"]
[EventType "tourn"]
[EventRounds "11"]
[EventCountry "CAN"]

1. e4 e5 2. Nf3 Nf6 3. Nxe5 d6 4. Nf3 Nxe4 5. d4 d5 6. Bd3 Be7 7. Nbd2 Nxd2 8.
Bxd2 Bg4 9. O-O O-O 10. Be2 Nd7 11. Ne5 Bxe2 12. Qxe2 Nxe5 13. dxe5 Re8 14. f4
f5 15. g4 Qd7 16. g5 Qe6 17. Be3 Red8 18. c3 c5 19. Rad1 Rab8 20. Rd3 Rd7 21.
Rb1 a5 22. Rbd1 b5 23. a3 a4 24. Qf2 Rc8 25. Qd2 Rcd8 26. Qf2 Qc6 27. h4 Rc7
28. Qd2 Rcd7 29. Qf2 Kf7 30. h5 Ke6 31. Rc1 Rc8 32. Kh2 Bd8 33. g6 h6 34. Kg1
Bb6 35. Kh2 Ba7 36. Kg3 Qb7 37. Kh2 Rdc7 38. Rdd1 d4 39. cxd4 cxd4 40. Rxc7
Rxc7 41. Bxd4 Rd7 42. Kg3 Qa8 43. Bxa7 Rxd1 44. Qb6+ Ke7 45. Qc5+ 1/2-1/2

[Event "CAN-ch U20 1996-97"]
[Site "Edmonton CAN"]
[Date "1996.12.28"]
[Round "4"]
[White "Wu, Douglas"]
[Black "Goldenberg, Danny"]
[Result "0-1"]
[WhiteElo "2001"]
[BlackElo "2355"]
[PlyCount "100"]
[EventDate "1996.12.27"]
[EventType "tourn"]
[EventRounds "11"]
[EventCountry "CAN"]

1. d4 Nf6 2. e3 g6 3. Nf3 Bg7 4. Be2 c5 5. c4 O-O 6. O-O d6 7. Nc3 a6 8. a4 Nc6
9. b3 Bf5 10. Ba3 cxd4 11. exd4 Ne4 12. Nxe4 Bxe4 13. Bb2 Qb6 14. c5 dxc5 15.
dxc5 Qxc5 16. Bxg7 Kxg7 17. Qd7 Qb4 18. Bc4 Rfd8 19. Qg4 Bf5 20. Qg3 Qd6 21.
Qh4 Qf6 22. Qg3 Bd3 23. Rfe1 Bxc4 24. bxc4 Rd7 25. Rab1 Rad8 26. h3 Qc3 27.
Rec1 Qa3 28. Ra1 Qc5 29. Ng5 Nd4 30. Ra2 Qf5 31. Re1 Qa5 32. Re4 Nf5 33. Qf3 h6
34. Nxf7 Kxf7 35. g4 Rd3 36. Qf4 Rxh3 37. Re5 Qb4 38. Rae2 Rd7 39. gxf5 g5 40.
Qe4 Rh4 41. Qf3 Qxc4 42. R5e4 Rd1+ 43. Kg2 Rxe4 44. Qh5+ Kf6 45. Qxh6+ Ke5 46.
Qxg5 Qxe2 47. Qxe7+ Kd4 48. Qd6+ Kc3 49. Qc5+ Rc4 50. Qa3+ Kd2 0-1

[Event "CAN-ch U20 1996-97"]
[Site "Edmonton CAN"]
[Date "1996.12.29"]
[Round "5"]
[White "Goldenberg, Danny"]
[Black "Dutton, Warren"]
[Result "1-0"]
[WhiteElo "2355"]
[BlackElo "2006"]
[PlyCount "43"]
[EventDate "1996.12.27"]
[EventType "tourn"]
[EventRounds "11"]
[EventCountry "CAN"]

1. d4 Nf6 2. Nc3 d6 3. e4 g6 4. Nf3 Bg7 5. Be2 c5 6. d5 Nbd7 7. h3 a6 8. a4 b6
9. O-O O-O 10. Bf4 Rb8 11. Qc1 Re8 12. Re1 Nf8 13. e5 Nh5 14. Bh2 Bh8 15. g4
Ng7 16. Qf4 f5 17. exf6 exf6 18. Qxd6 Bb7 19. Qxb8 Qxb8 20. Bxb8 Rxb8 21. Bc4
h5 22. Ne4 1-0

[Event "CAN-ch U20 1996-97"]
[Site "Edmonton CAN"]
[Date "1996.12.29"]
[Round "5"]
[White "Henson, Joshua"]
[Black "Wu, Douglas"]
[Result "1-0"]
[WhiteElo "1873"]
[BlackElo "2001"]
[PlyCount "99"]
[EventDate "1996.12.27"]
[EventType "tourn"]
[EventRounds "11"]
[EventCountry "CAN"]

1. e4 c5 2. Nf3 d6 3. d4 cxd4 4. Nxd4 Nf6 5. Nc3 a6 6. Be2 e5 7. Nb3 Be7 8. O-O
Be6 9. f4 b5 10. f5 Bxb3 11. axb3 Nc6 12. Be3 O-O 13. Bf3 Re8 14. Qd2 Bf8 15.
g4 Nd7 16. g5 Kh8 17. Bh5 g6 18. Bg4 Nc5 19. Bf3 Ne7 20. f6 Nc6 21. Rfd1 Ne6
22. Ne2 Qc7 23. h4 Rec8 24. Bg4 Rd8 25. Bxe6 fxe6 26. Nc3 b4 27. Na4 Rab8 28.
Qf2 Qf7 29. Nb6 a5 30. Nc4 d5 31. Nxa5 Nxa5 32. Rxa5 d4 33. Bc1 Bd6 34. Qe2
Rbc8 35. Ra6 Rc7 36. Rd2 Bc5 37. Qd3 Rdc8 38. Kg2 h6 39. Re2 h5 40. Bd2 Bf8 41.
Be1 Rc5 42. Bxb4 R5c6 43. Bxf8 Qxf8 44. Rxc6 Rxc6 45. Qb5 Rc5 46. Qd7 Qg8 47.
Rf2 Qf8 48. f7 Kg7 49. Qxe6 Ra5 50. Rf6 1-0

[Event "CAN-ch U20 1996-97"]
[Site "Edmonton CAN"]
[Date "1996.12.29"]
[Round "5"]
[White "Ho, Andrew"]
[Black "Marshall, Peter"]
[Result "1/2-1/2"]
[WhiteElo "2277"]
[BlackElo "2231"]
[PlyCount "43"]
[EventDate "1996.12.27"]
[EventType "tourn"]
[EventRounds "11"]
[EventCountry "CAN"]

1. d4 Nf6 2. c4 e6 3. Nc3 Bb4 4. Qc2 O-O 5. a3 Bxc3+ 6. Qxc3 b6 7. Bg5 d5 8. e3
Nbd7 9. cxd5 exd5 10. Bb5 Bb7 11. Nf3 Ne4 12. Bxd8 Nxc3 13. Bxd7 Raxd8 14. bxc3
Rxd7 15. Kd2 Rd6 16. Ne5 f6 17. Nf3 a5 18. Rhc1 Ba6 19. g3 Re8 20. Rg1 Bc8 21.
h4 Re4 22. Rac1 1/2-1/2